German City By Picture - Statistics

General Stats
  • This quiz has been taken 235 times
  • The average score is 10 of 12
Answer Stats
Picture Answer % Correct
Berlin
100%
Frankfurt
97%
Hamburg
96%
Cologne
95%
Munich
94%
Dusseldorf
87%
Stuttgart
81%
Leipzig
78%
Nuremberg
77%
Essen
64%
Dortmund
62%
Aachen
36%
No matching quizzes found
Score Distribution
Percent of People with Each Score
Percentile by Number Answered
Your Score History
You have not taken this quiz